Spanish verbs for dummies : Student edition

This book is your opportunity to prove to yourself that you've mastered Spanish verbs and can use them in a sentence. With Spanish Verbs For Dummies, Student edition, a little practice reading conjugation charts, and a pencil or pen, you're well-prepared to tackle even thhe most irregular...

Celý popis

Uloženo v:
Podrobná bibliografie
Hlavní autor: Kraynak, Cecie
Médium: Kniha
Jazyk:Undetermined
Vydáno: Hoboken, NJ Wiley 2006
Témata:
Tagy: Přidat tag
Žádné tagy, Buďte první, kdo otaguje tento záznam!
Thư viện lưu trữ: Trung tâm Học liệu Trường Đại học Cần Thơ
LEADER 01083nam a2200229Ia 4500
001 CTU_165746
008 210402s9999 xx 000 0 und d
020 |c 12.99 
082 |a 465 
082 |b K91 
100 |a Kraynak, Cecie 
245 0 |a Spanish verbs for dummies : 
245 0 |b Student edition 
245 0 |c by Cecie Kraynak 
260 |a Hoboken, NJ 
260 |b Wiley 
260 |c 2006 
520 |a This book is your opportunity to prove to yourself that you've mastered Spanish verbs and can use them in a sentence. With Spanish Verbs For Dummies, Student edition, a little practice reading conjugation charts, and a pencil or pen, you're well-prepared to tackle even thhe most irregular verbs in the Spanish language. 
650 |a Ngôn ngữ Tây Ban Nha,Ngôn ngữ Tây Ban Nha,Spanish language,Spanish language 
650 |x Động từ,Sách giáo khoa cho người nói tiếng nước ngoài,Tiếng Anh,Verb,English 
904 |i Bich Tram,Dinh Thu, Bạch Trúc 
980 |a Trung tâm Học liệu Trường Đại học Cần Thơ